书目信息 |
| 题名: |
微机原理与接口技术学习指导
|
|
| 作者: | 周佩玲 , 彭虎 , 傅忠谦 编著 | |
| 分册: | ||
| 出版信息: | 北京 电子工业出版社 2005.04 |
|
| 页数: | X, 137页 | |
| 开本: | 26cm | |
| 丛书名: | 21世纪大学计算机系列教材 | |
| 单 册: | ||
| 中图分类: | TP36 | |
| 科图分类: | ||
| 主题词: | 接口--jie kou--微型计算机--高等学校--教学参考资料 | |
| 电子资源: | ||
| ISBN: | 7-121-01086-0 | |
| 000 | 01210nam 2200301 450 | |
| 001 | 012006701765 | |
| 005 | 20060303111910.28 | |
| 010 | @a7-121-01086-0@dCNY14.00 | |
| 100 | @a20060303d2005 km y0chiy0121 ea | |
| 101 | 0 | @achi |
| 102 | @aCN@b110000 | |
| 105 | @aa a 000yy | |
| 200 | 1 | @a微机原理与接口技术学习指导@Awei ji yuan li yu jie kou ji shu xue xi zhi dao@e基于16位机@f周佩玲, 彭虎, 傅忠谦编著@Fzhou pei ling,peng hu,fu zhong qian bian zhu |
| 210 | @a北京@c电子工业出版社@d2005.04 | |
| 215 | @aX, 137页@c图@d26cm | |
| 225 | 2 | @a21世纪大学计算机系列教材@A21 shi ji da xue ji suan ji xi lie jiao cai |
| 320 | @a有书目。 | |
| 330 | @a本书是一部关于微型计算机理论和接口的教学参考资料,内容包括:计算机基本知识、微型计算机的输入/输出、可编程接口芯片等。 | |
| 333 | @a从事"微机原理与接口技术"课程的教学人员,硕士研究生入学考试的自学者 | |
| 410 | 0 | @12001 @a21世纪大学计算机系列教材 |
| 517 | 1 | @a基于16位机@Aji yu 16 wei ji |
| 606 | 0 | @a接口@Ajie kou@x微型计算机@x高等学校@x教学参考资料 |
| 690 | @aTP36@v4 | |
| 701 | 0 | @a周佩玲@Azhou pei ling@4编著 |
| 701 | 0 | @a彭虎@Apeng hu@4编著 |
| 701 | 0 | @a傅忠谦@Afu zhong qian@4编著 |
| 801 | 0 | @aCN@bQSSK@c20060303 |
| 905 | @a10447@dTP36@eZ783 | |
| 微机原理与接口技术学习指导:基于16位机/周佩玲, 彭虎, 傅忠谦编著.-北京:电子工业出版社,2005.04 |
| X, 137页:图;26cm.-(21世纪大学计算机系列教材) |
| 使用对象:从事"微机原理与接口技术"课程的教学人员,硕士研究生入学考试的自学者 |
| ISBN 7-121-01086-0:CNY14.00 |
| 本书是一部关于微型计算机理论和接口的教学参考资料,内容包括:计算机基本知识、微型计算机的输入/输出、可编程接口芯片等。 |
| ● |
| 相关链接 |
|
|
|
正题名:微机原理与接口技术学习指导
索取号:TP36/Z783
 
预约/预借
| 序号 | 登录号 | 条形码 | 馆藏地/架位号 | 状态 | 备注 |
| 1 | 554039 | 205540397 | 自科库301/301自科库 56排3列4层/ [索取号:TP36/Z783] | 在馆 | |
| 2 | 554040 | 205540404 | 自科库301/301自科库 62排1列4层/ [索取号:TP36/Z783] | 在馆 | |
| 3 | 554041 | 205540413 | 自科库301/301自科库 62排1列4层/ [索取号:TP36/Z783] | 在馆 |